Correspondance entre le comte de Mirabeau et le comte de La Marck pendant les années 1789, 1790 et 1791 / (Record no. 159734)

MARC details
000 -LEADER
campo de control de longitud fija 00876nam a2200205 i 4500
001 - NÚMERO DE CONTROL
campo de control 159734
003 - IDENTIFICADOR DE NÚMERO DE CONTROL
campo de control ES-MaACL
005 - FECHA Y HORA DE LA ÚLTIMA TRANSACCIÓN
campo de control 20251003164946.0
008 - DATOS DE LONGITUD FIJA--INFORMACIÓN GENERAL
campo de control de longitud fija 050714s1851 fr | |||||||| ||fre d
040 ## - FUENTE DE CATALOGACIÓN
Centro catalogador/agencia de origen CAM
Lengua de catalogación spa
Centro/agencia transcriptor CAM
100 1# - ENTRADA PRINCIPAL--NOMBRE DE PERSONA
Nombre de persona Mirabeau, Honoré-Gabriel de Riqueti
Títulos y otros términos asociados al nombre comte de.
9 (RLIN) 81463
245 10 - MENCIÓN DEL TÍTULO
Título Correspondance entre le comte de Mirabeau et le comte de La Marck pendant les années 1789, 1790 et 1791 /
Mención de responsabilidad, etc. recueillie, mise en ordre et publiée par Ad. de Bacourt.
260 ## - PUBLICACIÓN, DISTRIBUCIÓN, ETC.
Lugar de publicación, distribución, etc. Paris :
Nombre del editor, distribuidor, etc. Librairie Ve Le Normant,
Fecha de publicación, distribución, etc. 1851.
300 ## - DESCRIPCIÓN FÍSICA
Extensión 3 v. (466; 534; 499 p.) ;
Dimensiones 23 cm.
651 #4 - PUNTO DE ACCESO ADICIONAL DE MATERIA--NOMBRE GEOGRÁFICO
Nombre geográfico Francia-
Subdivisión general Historia-
Subdivisión cronológica 1789-1799, Revolución
9 (RLIN) 241176
700 1# - ENTRADA AGREGADA--NOMBRE PERSONAL
Nombre de persona Arenberg, Auguste-Marie-Raymond,
Títulos y otros términos asociados al nombre Prince d'
9 (RLIN) 125695
700 1# - ENTRADA AGREGADA--NOMBRE PERSONAL
Nombre de persona Bocourt, Adolphe Fourier de.
9 (RLIN) 126032
852 ## - LOCALIZACIÓN
Ubicación ES-MaACL
Número de control de estantería F-1436-1438
Nota libre -- Enc. hol. el t.I y rust. los t.II-III
Holdings
Estatus retirado Estado de pérdida Estado de daño No para préstamo Colección Biblioteca de origen Biblioteca actual Ubicación en estantería Fecha de adquisición Fuente de adquisición Total de préstamos Signatura topográfica completa Código de barras Visto por última vez Precio de reemplazo Tipo de ítem Koha
        Libros del s. XIX Biblioteca del Ateneo de Madrid Biblioteca del Ateneo de Madrid Sala Pecera Planta 2 17/01/2008     F-1436-1438 1167223 23/02/2023 23/02/2023 Libro impreso antiguo